000 00207 a2200097 4500
001 51681
100 _aSheldon, S
245 _aMaster of the Games
260 _aLondon
_bPan Books
_c
090 _c32664
_d32664
942 _aNUST-CAE
_cM
_c25185
999 _c286754
_d286754